Clubs de Bundesliga par emojis - Statistiques

Statistiques générales
  • Ce quiz a été pris 101 fois
    10 depuis la dernière actualisation
  • Le résultat moyen est 10 sur 18
Statistiques - réponses
Hint Réponse % Correct
❤️🤍🖤🐐 1. FC Cologne
89%
🔷❤️🏆⭐️⭐️⭐️⭐️⭐️ Bayern Munich
89%
💚🤍🐺 VfL Wolfsburg
89%
💛🖤🐝⭐️⭐️ Borussia Dortmund
78%
💙🤍💙↙️ TSG Hoffenheim
67%
💚🤍⭐️ Werder Brême
67%
❤️🖤🦁➕ Bayer Leverkusen
56%
💙🖤🤍🔹 Hambourg SV
56%
🤍❤️🐂🧃 RB Leipzig
56%
🤍🖤🦅🎢 SC Fribourg
56%
❤️🤍🐻 1. FC Union Berlin
44%
🌰🤍❤️💚 FC Augsbourg
44%
🤎🤎🏴‍☠️⛪️ FC St. Pauli
44%
🟥⬜️🟥⬜️ 1. FSV Mayence 05
33%
🔶🖤🤍⭐️⭐️ Borussia Mönchengladbach
33%
❤️🤍🖤🦅 Eintracht Francfort
33%
❤️💙❤️ 1. FC Heidenheim 1846
22%
🤍❤️⭐️ VfB Stuttgart
22%
Aucun quiz correspondant
Distribution des résultats
% des personnes avec chaque résultat
Percentile par nombre de réponses
Votre historique - résultats
Vous n’avez pas pris ce quiz depuis la dernière actualisation